|
|
|
|
| LEADER |
02778nam a2200589 i 4500 |
| 001 |
mzk03001255832 |
| 003 |
CZ BrMZK |
| 005 |
20181019131956.0 |
| 007 |
ta |
| 008 |
181019s1793 gw a fr|||||00| ||gerod |
| 040 |
|
|
|a BOA001
|b cze
|e rda
|
| 045 |
|
|
|a r-s-
|a r-s-
|
| 072 |
|
7 |
|a 27-9
|x Dějiny křesťanské církve
|2 Konspekt
|9 5
|
| 072 |
|
7 |
|a 094
|x Staré tisky
|2 Konspekt
|9 12
|
| 080 |
|
|
|a 27-9
|2 MRF
|
| 080 |
|
|
|a 025.171
|2 MRF
|
| 080 |
|
|
|a (0.068)094
|2 MRF
|
| 100 |
1 |
|
|a Godeau, Antoine,
|d 1605-1672
|7 ola364049
|4 aut
|
| 245 |
1 |
0 |
|a Antons Godeau, Bischofes und Herrn zu Vence in Frankreich, allgemeine Kirchengeschichte.
|n XXXV. Theil,
|p Enthält die Kirchengeschichte vom Jahre Christi 1339 bis 1401 /
|c Fortgesetzt von Johann Ludwig von Groote, Weltpriester
|
| 246 |
3 |
3 |
|a Allgemeine Kirchengeschichte
|
| 246 |
3 |
0 |
|a Enthält die Kirchengeschichte vom Jahre Christi 1339 bis 1401
|
| 246 |
3 |
8 |
|a GODEAU KIRCHENGESCHICHTE XXXV. THEIL
|
| 264 |
|
1 |
|a Augsburg :
|b bey Matthäus Rieger sel. Söhnen,
|c 1793
|
| 300 |
|
|
|a 112, 792 stran, 11 nečíslovaných stran ;
|c 8°
|
| 336 |
|
|
|a text
|b txt
|2 rdacontent
|
| 337 |
|
|
|a bez média
|b n
|2 rdamedia
|
| 338 |
|
|
|a svazek
|b nc
|2 rdacarrier
|
| 500 |
|
|
|a Rozsah: 112, 792, [11] s.
|
| 500 |
|
|
|a Výzdoba: Na titulním listu nad impresem ozdobná linka a mědirytina (papež jedoucí na koni v průvodu), vlysy, iniciály, linky, viněty
|
| 500 |
|
|
|a Na hřbetě nalepený štítek se signaturou XIX. D. α. 10
|
| 561 |
|
|
|a Provenience: [m.p.] Monasterii Braunensis O. S. B.
|
| 561 |
|
|
|a Provenience: [razítko] S.A.B. BRAUNAU
|
| 561 |
|
|
|a Provenience: [razítko] SVK HK/3608
|
| 563 |
|
|
|a Původní usňová vazba, lepenkové desky potažené hovězinou, zdobené slepotiskovými rámci, ořízka barvená červeně, hřbet zdobený slepotiskovým zlaceným florálním motivem, na hřbetě slepotiskový zlacený nápisový štítek
|
| 590 |
|
|
|a Poškozeno foxingem
|
| 648 |
|
4 |
|a 1339-1401
|
| 648 |
|
7 |
|a 14.-15. století
|7 ch460617
|2 czenas
|
| 650 |
|
7 |
|a církevní dějiny
|y 14.-15. století
|2 czenas
|
| 650 |
|
7 |
|a historické knihovní fondy
|7 ph172933
|2 czenas
|
| 655 |
|
7 |
|a staré tisky
|7 fd422076
|2 czenas
|
| 700 |
1 |
|
|a Groote, Johann Ludwig von,
|d činný 1787
|7 ola2010599955
|4 aut
|
| 856 |
4 |
2 |
|u https://reader.digitale-sammlungen.de/de/fs1/object/display/bsb10024889_00007.html
|y Digitalizovaný dokument
|z Exemplář z Bavorské národní knihovny
|
| 903 |
|
|
|a RP
|
| 910 |
|
|
|a NAG950
|b B - XIX. D. aa. 10,34
|
| 978 |
|
|
|b Rieger, Matthäus a synové
|a Augsburg
|c 1793
|
| 982 |
0 |
|
|a Broumov - benediktinský klášter
|
| 982 |
0 |
|
|a Hradec Králové - SVK
|
| 984 |
|
|
|a Augsburg
|b Německo
|
| 985 |
|
|
|a 1751-1800
|
| 990 |
|
|
|a BK
|
| 991 |
|
|
|k broumov
|
| 980 |
|
|
|c 003124
|g B - XIX. D. aa. 10,34
|1 458950003124
|